| 000 | 00517nam a2200181Ia 4500 | ||
|---|---|---|---|
| 005 | 20250508161820.0 | ||
| 008 | 008 250505s9999 xx 000 0 eng d | ||
| 037 | _aTextual | ||
| 040 |
_aFEDL _beng _cFEDL |
||
| 041 |
_aeng _2eng |
||
| 084 |
_a973, TUR _qFEDL |
||
| 100 |
_aTurner Frderick Jackson _9771612 |
||
| 245 | 0 | _aFrontier in American history | |
| 260 |
_aBombay, India _bAllied Publishers Private Limited _c1947 |
||
| 300 | _a375p. | ||
| 942 |
_cTEXL _h973, TUR |
||
| 999 |
_c1372422 _d1372422 |
||